24/25 Premier League teams, managers, captains and top scorers - Statistics

General Stats
  • This quiz has been taken 102 times
  • The average score is 48 of 70
Answer Stats
Answer % Correct
Arne Slot
97%
Mikel Arteta
97%
Cole Palmer
95%
Martin Ødegaard
95%
Pep Guardiola
95%
Ruben Amorim
95%
Unai Emery
95%
Erling Haaland
92%
Bruno Fernandes
89%
Heung-min Son
89%
Mohamed Salah
89%
Ollie Watkins
89%
Thomas Frank
89%
Virgil van Dijk
89%
Alexander Isak
87%
Eddie Howe
87%
Enzo Maresca
87%
Erik ten Hag
87%
Jamie Vardy
87%
Bryan Mbeumo
84%
Nuno Espírito Santo
84%
Chris Wood
82%
Kevin De Bruyne
82%
Ange Postecoglou
79%
David Moyes
79%
Jean-Philippe Mateta
79%
John McGinn
79%
Kai Havertz
79%
Kaoru Mitoma
76%
Marco Silva
76%
Oliver Glasner
76%
Jarrod Bowen
74%
Lewis Dunk
74%
Liam Delap
74%
Reece James
74%
Ruud van Nistelrooy
74%
Sean Dyche
71%
Amad Diallo
68%
João Pedro
68%
Justin Kluivert
68%
Kyle Walker
68%
Matheus Cunha
68%
Séamus Coleman
68%
Andoni Iraola
66%
Brennan Johnson
66%
Christian Nørgaard
66%
Fabian Hürzeler
63%
Graham Potter
63%
Iliman Ndiaye
63%
Kieran McKenna
61%
Danny Welbeck
58%
Raúl Jiménez
58%
Russell Martin
50%
Steve Cooper
50%
Julen Lopetegui
47%
Ryan Yates
47%
Tom Cairney
47%
Adam Smith
45%
Gary O'Neil
45%
Joel Ward
45%
Vítor Pereira
45%
Paul Onuachu
42%
Sam Morsy
42%
Jamaal Lascelles
39%
Ivan Jurić
37%
Neto
37%
Jack Stephens
32%
Mario Lemina
26%
Nélson Semedo
24%
Simon Rusk
11%
No matching quizzes found
Score Distribution
Percent of People with Each Score
Percentile by Number Answered
Your Score History
You have not taken this quiz